[Event "Biel"]
[Site "9 Interzonal"]
[Date "1976.07.11"]
[Round "1"]
[White "Gulko, Boris"]
[Black "Geller, Efim"]
[Result "1-0"]
[WhiteElo "2530"]
[BlackElo "2620"]
[Annotator "JvR"]
[PlyCount "81"]
[EventDate "1976.07.??"]
[EventType "swiss"]
[SourceDate "2013.10.27"]

{We will analyse the Closed Grandmasters events, played in Biel. An interzonal
accompanied the ninth Open Masters. It happened at the Kongresshaus from 11
vii until 6 viii 1976. Twenty participants competed for three places in the
candidates matches.} 1. d4 Nf6 2. c4 g6 3. Nc3 Bg7 4. e4 d6 5. f3 O-O 6. Bg5 c5
7. d5 a6 8. a4 Re8 $5 9. Qd2 Qa5 10. Nge2 $5 e6 11. Ng3 exd5 12. cxd5 $1 Nbd7
13. Be2 Qb4 14. a5 $1 b5 $1 15. axb6 Nxb6 16. Bf4 $1 Bf8 17. O-O Nfd7 18. Kh1
Rb8 19. Qc2 Na8 $6 ({More active is} 19... c4 $5 {(Gulko)} 20. Rfb1 $1 Nc5) 20.
Bxa6 Bxa6 $2 {Geller loses a pawn.} ({Right is} 20... Qxb2 $1 21. Qxb2 Rxb2 22.
Bb5 Nab6 23. Ra7 {and White has a slight advantage (Gulko).}) 21. Rxa6 Ne5 $5
22. Bxe5 dxe5 23. Rb1 c4 24. Nf1 Nb6 25. Ne3 Rec8 26. h3 Qc5 27. Qe2 h5 28. Rd1
Bh6 29. Nc2 Nd7 30. d6 $1 Rxb2 $2 31. Rd5 $1 Rxc2 32. Qxc2 Qe3 33. Rd1 Nf6 34.
Ne2 Nd7 35. Nc3 Nf6 36. Nd5 $1 Nxd5 37. exd5 $1 ({Not} 37. Rxd5 $4 Qe1+ 38. Kh2
Bf4+) 37... Bf4 38. d7 Rd8 39. Rxg6+ $1 Kf8 40. Rf6 Rxd7 41. Qh7 {
Both stars would play no role in the fight for qualification.} 1-0

[Event "Biel"]
[Site "9 Interzonal"]
[Date "1976.07.15"]
[Round "4"]
[White "Huebner, Robert"]
[Black "Diaz, Joaquin"]
[Result "1-0"]
[WhiteElo "2585"]
[BlackElo "2385"]
[Annotator "JvR"]
[PlyCount "92"]
[EventDate "1976.07.??"]
[EventType "swiss"]
[SourceDate "2013.10.27"]

1. Nf3 d6 2. d4 Bg4 3. c4 c6 4. Nc3 $5 {
Diaz plays a passive opening. Hübner has an easy game.} e6 $5 5. e4 Nd7 6. Be2
Qc7 7. Be3 Ngf6 8. O-O Be7 9. Rc1 O-O 10. h3 Bxf3 11. Bxf3 e5 12. g3 $5 {
Hübner advances quietly.} Ne8 $6 (12... exd4 $1 13. Qxd4 Nc5 {
brings counter-play.}) 13. Qd2 g6 14. Bg2 Ng7 15. f4 $5 Nh5 16. Ne2 f5 $2 {
Diaz opens his position. Hereafter, White can start an attack.} (16... exf4 $1
17. gxf4 Bf6 {puts pressure on the broad centre.}) 17. exf5 $1 gxf5 18. fxe5
dxe5 19. Bh6 exd4 $6 {
Black wants to prevent the charge and sacrifices an exchange.} (19... Rf7 20.
g4 Ng7 21. Kh1 Bf8 22. Rcd1 {moves pieces to defensive and offensive positions.
}) 20. Bxf8 Rxf8 21. Nxd4 Bc5 22. b4 Bxd4+ 23. Qxd4 Nxg3 24. Rfe1 Nf6 25. Qe5
$1 Qg7 26. Rcd1 Kh8 27. Qe7 $5 Nge4 28. Qxg7+ Kxg7 29. Rf1 Nc3 30. Rd2 Kg6 31.
Bf3 Kg5 32. Rg2+ Kh4 33. Rg7 Rg8 34. Rxg8 Nxg8 35. Bg2 Nxa2 36. Rxf5 Nh6 $5 37.
Ra5 Nxb4 38. Rxa7 b5 39. Rxh7 Kg5 40. Rb7 Nd3 41. cxb5 cxb5 42. Rxb5+ Kf4 43.
Bf1 Ne5 44. Kf2 Nf5 45. Rb4+ Kg5 46. Ra4 Ng6 {White can exchange his bishop
for a knight and win without problems.   It was hard for Hübner to defeat the
tailender.} 1-0

[Event "Biel"]
[Site "9 Interzonal"]
[Date "1976.07.17"]
[Round "6"]
[White "Larsen, Bent"]
[Black "Portisch, Lajos"]
[Result "1-0"]
[WhiteElo "2625"]
[BlackElo "2625"]
[Annotator "JvR"]
[PlyCount "133"]
[EventDate "1976.07.??"]
[EventType "swiss"]
[SourceDate "2013.10.27"]

1. c4 e5 2. Nc3 Nf6 3. Nf3 Nc6 4. d3 d6 5. g3 g6 6. Bg2 Bg7 7. Rb1 a5 8. a3 Nd4
$5 ({Usual is} 8... O-O 9. O-O h6) 9. Nd2 O-O 10. O-O c6 11. b4 axb4 12. axb4
Bg4 13. h3 Bd7 14. Kh2 {Larsen waits.} Nh5 $5 15. c5 $5 d5 $1 16. e3 Ne6 17.
Na4 f5 18. Nb6 Rb8 19. e4 fxe4 20. dxe4 Nc7 $6 (20... d4 $1 21. Ndc4 Be8 22.
Nd6 Qe7 {brings little advantage for White.}) 21. Nxd7 $6 (21. exd5 cxd5 22.
Ne4 $1 {gains a positional advantage.}) 21... Qxd7 22. Nc4 $5 Qe6 23. Nb6 Nf6
24. exd5 Ncxd5 $5 25. Qb3 $1 Rbe8 26. Nxd5 Nxd5 27. Bd2 Kh8 28. Rbe1 Qd7 29.
Bc1 Nc7 30. Qc4 Nb5 31. Bb2 Qc7 32. Kg1 Qf7 $6 33. Qxf7 Rxf7 {
The endgame favours White.} 34. Re4 Rd8 35. Rfe1 Rd2 36. R4e2 Rxe2 37. Rxe2 Nd4
38. Re4 g5 39. Re3 Rf8 40. Be4 Bf6 41. Kf1 h6 42. Ra3 Rb8 43. Ra7 Nb5 44. Ra1
Nd4 45. Ke1 Kg8 46. Ra7 Nb5 47. Ra2 Kf7 48. Ke2 Ke6 49. Ke3 Nc7 50. Kd3 Rd8+
51. Kc2 Nb5 52. f3 Nd4+ 53. Bxd4 Rxd4 $2 (53... exd4 $1 {(Flesch)} 54. Ra7 Rd7
55. Kd3 Be5 $1 {
solves the black problems, because the bishop controls square b8.}) 54. Kb3 Be7
55. Ra7 Rd7 56. g4 $1 Rc7 57. Ra8 Kf7 58. Rb8 Bf6 59. Ka4 Rd7 60. Bf5 $1 Re7 $2
({Right is} 60... e4 $1 61. fxe4 ({the pointe is} 61. Bxd7 $2 e3) 61... Be5 62.
Bxd7 Bxb8 63. Bc8 Ke7 64. Bxb7 Kd7 65. b5 cxb5+ 66. Kxb5 Be5 {
and Black fights for his last chance.}) 61. Bc8 {Pawn b7 falls.} e4 62. fxe4
Rxe4 63. Rxb7+ Be7 64. Bd7 Re3 65. Bxc6 Rxh3 66. Bd5+ Kf6 67. Rd7 {
Byrne, Hübner, Larsen and Smyslov led by a score of 41/2/6.} 1-0

[Event "Biel"]
[Site "9 Interzonal"]
[Date "1976.07.21"]
[Round "8"]
[White "Huebner, Robert"]
[Black "Tal, Mihail"]
[Result "0-1"]
[WhiteElo "2585"]
[BlackElo "2615"]
[Annotator "JvR"]
[PlyCount "82"]
[EventDate "1976.07.??"]
[EventType "swiss"]
[SourceDate "2013.10.27"]

1. c4 Nf6 2. Nc3 e6 3. Nf3 Bb4 4. Qc2 c5 5. g3 Nc6 6. Bg2 O-O 7. O-O Qe7 8. d3
h6 $5 9. e4 d6 10. Nh4 $5 {
The white advance on the kingside gives Black an easy game in the centre.} Rb8
11. f4 Bd7 12. h3 $6 ({Preferable is} 12. Nf3) 12... Nd4 13. Qf2 b5 14. Be3 $6
(14. e5 $1 dxe5 15. fxe5 Nh7 16. Ne4 {
makes a timely counteraction in the centre (Khalifman).}) 14... bxc4 15. dxc4
Bc6 16. Rae1 $5 Qb7 17. Bc1 $5 {White shows too much optimism.} Qa6 $1 18. e5
$5 dxe5 19. fxe5 Nh7 $6 ({More active is} 19... Nd7 $1) 20. Bxc6 Qxc6 21. Re3
$2 (21. Rd1 $1 {starts aiming the white forces at d4.}) 21... Ng5 $1 22. Qg2
Qa6 23. b3 Nxh3+ $1 24. Qxh3 Bxc3 25. Qg4 $2 (25. Qg2 {protects pawn a2.})
25... Qxa2 26. Rxc3 h5 $1 ({Not} 26... Ne2+ 27. Kh1 Nxc3 $4 28. Bxh6 $1 {
(Krnic).}) 27. Qxh5 Ne2+ 28. Kh1 Nxc3 29. Bh6 Qe2 $1 30. Qg5 Qe4+ $1 31. Rf3
Qh7 32. Bxg7 Qxg7 33. Qxg7+ Kxg7 34. Rxc3 Rfd8 35. Nf3 Rd1+ 36. Kg2 Rbd8 37.
Rc2 R8d3 38. Ra2 Rxb3 39. Ng5 Rdd3 40. Ne4 Re3 41. Nxc5 Rxg3+ {Larsen and
ov (6/8) led before Petrosian (51/2), Byrne, Hübner and Portisch (5).} 0-1

[Event "Biel"]
[Site "9 Interzonal"]
[Date "1976.07.24"]
[Round "10"]
[White "Larsen, Bent"]
[Black "Castro Rojas, Oscar"]
[Result "1-0"]
[WhiteElo "2625"]
[BlackElo "2380"]
[Annotator "JvR"]
[PlyCount "71"]
[EventDate "1976.07.??"]
[EventType "swiss"]
[SourceDate "2013.10.27"]

1. c4 Nf6 2. Nc3 d5 3. cxd5 Nxd5 4. g3 g6 5. Bg2 Nxc3 6. bxc3 c5 7. Rb1 Nc6 8.
Qa4 Qc7 9. Ba3 e6 10. Qb5 $5 {This novelty brings no advantage.} (10. Bxc6+
bxc6 11. Nf3 {was played in Eising - Bachmann, Bad Pyrmont 1961.}) 10... Bd7 $1
11. Qb2 ({Not} 11. Qxb7 $4 Rb8 $1 12. Qxc7 Rxb1+) 11... Qa5 $5 12. Nf3 Bg7 13.
O-O O-O 14. d4 b6 15. Rfd1 Rfd8 16. e3 Rac8 17. Nd2 cxd4 18. cxd4 Qh5 19. h3 $5
e5 20. d5 e4 $1 21. Nxe4 $1 {Larsen sacrifices a queen!} Ne5 $6 {
Acceptation of the gift draws.} (21... Bxb2 22. Bxb2 Kf8 23. Nf6 Qe2 $1 24.
Nxh7+ Ke8 25. Nf6+ Ke7 $5 26. d6+ Kf8 27. Nh7+ {leads to perpetual check.}) 22.
g4 $1 Bxg4 $2 {This piece sacrifice does not work.} ({Black should try} 22...
Qh4 $5 23. Qb4 Bf8) 23. hxg4 Qxg4 24. Kf1 $1 f5 25. Nd2 $5 Qh4 $5 26. Qb5 Rc3
27. Rb3 $1 {Larsen offers the queen again!} Rc2 ({The pointe is} 27... Nd3 28.
Qxd3 $1 Rxd3 29. Rxd3 {and White wins (Flesch).}) 28. Qe2 Nc4 29. Qd3 $1 Rc8 $1
30. d6 Ne5 31. Qd5+ Kh8 32. f3 a5 33. Qe6 a4 34. Rb4 $1 Qg3 35. Rc4 $3 {
Castro grabs his head, when this great interference occurs. Larsen smiles.} Nd3
$5 ({Or} 35... R2xc4 36. Nxc4) 36. Qxc8+ {
Larsen (71/2/10) led before Smyslov (7), Hübner and Portisch (61/2).} 1-0

[Event "Biel"]
[Site "9 Interzonal"]
[Date "1976.07.26"]
[Round "12"]
[White "Byrne, Robert"]
[Black "Smyslov, Vassily"]
[Result "1-0"]
[WhiteElo "2540"]
[BlackElo "2580"]
[Annotator "JvR"]
[PlyCount "73"]
[EventDate "1976.07.??"]
[EventType "swiss"]
[SourceDate "2013.10.27"]

1. e4 e6 2. d4 d5 3. Nc3 Bb4 4. e5 Ne7 5. a3 Bxc3+ 6. bxc3 c5 7. Nf3 Bd7 8. Bd3
c4 9. Bf1 $5 {Byrne gives his eminent opponent the time to develop his pieces
on the queenside.} ({Theory is} 9. Be2) 9... Ba4 $5 10. g3 Qa5 11. Bd2 Nd7 12.
Bh3 {White makes preparations for an attack on the kingside.} Nb6 13. O-O Bd7
$6 14. Nh4 Na4 $6 {Smyslov spoils tempi.} 15. f4 $1 {
He is ready for an advance to f5.} Nf5 $6 {He defends poorly.} ({
Byrne has calculated} 15... g6 $5 16. f5 $5 Nxf5 17. Nxf5 gxf5 18. g4 $5 {
and the battle continues.}) 16. Nxf5 exf5 17. g4 $1 fxg4 18. Bxg4 f5 $6 ({
Preferable is} 18... O-O-O 19. f5 Kb8 {(Byrne).}) 19. exf6 O-O-O ({
Even worse is} 19... gxf6 $2 20. Re1+ $1 Kd8 21. Bxd7 {(Byrne).}) 20. fxg7 Rhg8
21. Kh1 $1 Rxg7 22. Bxd7+ Rdxd7 23. f5 $1 Qd8 24. Qf3 Nb6 25. Bf4 Rdf7 26. Bg3
Qg5 27. Rae1 $1 Qg4 28. Qe3 $1 Re7 29. Qxe7 Rxe7 30. Rxe7 Kd8 31. f6 Nd7 32.
Rxd7+ $1 Kxd7 33. f7 Qe4+ 34. Kg1 Qe3+ 35. Kg2 Qe4+ 36. Rf3 $1 Qxc2+ 37. Kh3 {
The standings at the top had become: Larsen (9/12), Byrne Hübner, Portisch,
Smyslov (71/2) and Petrosian (7).} 1-0

[Event "Biel"]
[Site "9 Interzonal"]
[Date "1976.07.29"]
[Round "13"]
[White "Portisch, Lajos"]
[Black "Gulko, Boris"]
[Result "1-0"]
[WhiteElo "2625"]
[BlackElo "2530"]
[Annotator "JvR"]
[PlyCount "129"]
[EventDate "1976.07.??"]
[EventType "swiss"]
[SourceDate "2013.10.27"]

1. c4 e5 2. Nc3 Nc6 3. g3 g6 4. Bg2 Bg7 5. e4 d6 6. Nge2 h5 7. h4 $5 Nh6 8. d3
O-O 9. f3 Be6 10. Nd5 Kh7 11. Be3 f5 12. Qd2 Qd7 13. Rc1 Ne7 14. Ng1 $1 {
Long manoeuvring begins.} c6 15. Nxe7 Qxe7 16. Nh3 Nf7 17. exf5 Bxf5 18. Nf2
Qd7 19. O-O d5 $1 20. Qe2 Be6 21. Kh2 b6 22. b3 Rad8 23. Rcd1 Kg8 24. Nh3 Bf5
25. Rfe1 Qc7 26. Nf2 Bc8 27. Rc1 Be6 28. Bh3 Bxh3 29. Nxh3 Qd7 30. Rcd1 Qf5 31.
Rf1 Qd7 32. Rg1 Qe7 33. Bc1 Rd7 34. Qc2 Qd6 35. Be3 Rfd8 36. c5 $1 Qf6 $5 37.
cxb6 axb6 $2 {Black loses a pawn.} ({Right is} 37... Qxf3 38. Qf2 $6 {
(Forintos)} Qxf2+ 39. Bxf2 d4 $1) 38. Bxb6 Rb8 39. Qf2 $1 Nh6 40. Be3 Nf5 41.
Rgf1 Bf8 42. Rc1 Ra8 43. Rc2 Ra6 44. Ng5 Bh6 45. Qe2 Bxg5 46. hxg5 Qe6 47. Bf2
Ra8 48. Rfc1 Rc7 49. Kg2 Qe7 $5 50. Rxc6 Rxc6 51. Rxc6 Qxg5 52. Kh3 Ng7 53. Rd6
d4 54. Rd5 Re8 55. Kh2 Qf6 56. Kg2 h4 57. Qe4 Nh5 $5 {Gulko tries opportunism.}
58. Bxd4 $1 Qg5 59. Bxe5 $1 hxg3 60. f4 Qg4 61. f5 $1 Qg5 62. fxg6 $1 Rf8 (
62... Qd2+ 63. Kh3 Qh2+ 64. Kg4 Nf6+ 65. Bxf6 $1 Rxe4+ 66. dxe4 {
wins for White (Forintos).}) 63. Rd8 $3 Rxd8 64. Qc4+ Kf8 65. Qf7# {
Larsen led before Portisch.} 1-0

[Event "Biel"]
[Site "9 Interzonal"]
[Date "1976.07.30"]
[Round "14"]
[White "Tal, Mihail"]
[Black "Portisch, Lajos"]
[Result "1-0"]
[WhiteElo "2615"]
[BlackElo "2625"]
[Annotator "JvR"]
[PlyCount "73"]
[EventDate "1976.07.??"]
[EventType "swiss"]
[SourceDate "2013.10.27"]

1. e4 e5 2. Nf3 Nc6 3. Bb5 a6 4. Ba4 Nf6 5. O-O Be7 6. Re1 b5 7. Bb3 d6 8. c3
O-O 9. d4 Bg4 10. Be3 exd4 11. cxd4 Na5 12. Bc2 Nc4 13. Bc1 c5 14. b3 Nb6 15.
Nbd2 Nfd7 16. h3 Bh5 17. g4 Bg6 18. Nf1 $5 {
Tal plays a usual move for the Closed Ruy Lopez.} d5 19. e5 Rc8 20. Bf5 $5 c4
21. Ng3 Rc6 22. Kg2 Re8 23. Rh1 $5 f6 $5 24. h4 $5 {
They are battling for the initiative.} fxe5 25. dxe5 Bc5 26. Re1 Bb4 27. Re3 d4
$5 {Black shows ambition again.} 28. Qxd4 Bc5 29. Qe4 Bxf5 30. Nxf5 Bxe3 $6 ({
Better is} 30... Qc7 $1 31. Re2 Nf6 32. Qf4 Nfd5) 31. Qxc6 Bxc1 32. e6 $5 {
Tal charges.} (32. Rxc1 $1 Nxe5 33. Qb7 {gains a plus (Khalifman).}) 32... Nb8
$2 {Portisch collapses.} ({Right is} 32... Qf6 $1 33. Rxc1 {(Khalifman)} Rxe6
$1) 33. Qb7 $1 Bb2 34. Qf7+ Kh8 35. Rd1 $1 Qc8 36. Ng5 $1 Bf6 37. Nh6 $1 {
Tal threatens smothered mate in two.   Portisch made the uneven score of +9,
=6, -4 in Biel.} (37. Nh6 Rxe6 38. Rd8+ $1 Qxd8 39. Nxe6 Qc8 40. Nf8 {
will mate soon.}) 1-0

[Event "Biel"]
[Site "9 Interzonal"]
[Date "1976.07.31"]
[Round "15"]
[White "Petrosian, Tigran V"]
[Black "Larsen, Bent"]
[Result "1-0"]
[WhiteElo "2635"]
[BlackElo "2625"]
[Annotator "JvR"]
[PlyCount "111"]
[EventDate "1976.07.??"]
[EventType "swiss"]
[SourceDate "2013.10.27"]

{Petrosian trails the leaders. He looks determinated to win.} 1. Nf3 Nf6 2. c4
e6 3. d4 d5 4. Bg5 Be7 5. e3 O-O 6. Nc3 Nbd7 7. Bd3 dxc4 8. Bxc4 c5 9. O-O a6
10. a4 b6 11. Qe2 Bb7 12. Rfd1 cxd4 13. exd4 Re8 $5 {
Tigran does not accept the offer of a draw.} 14. Rac1 Nf8 15. Ne5 Nd5 16. Bxd5
Bxd5 ({Preferable is} 16... exd5 $1 17. Qh5 Ng6) 17. Bxe7 Rxe7 18. Nxd5 Qxd5
19. Rc3 f6 20. Nc4 Qd8 21. g3 Rd7 22. Rcd3 Kh8 $6 (22... b5 $1 {equalises.})
23. Qe4 Rc8 24. b3 b5 25. axb5 axb5 26. Ne3 Re7 27. d5 $1 {
White takes the initiative.} exd5 28. Qxd5 Qe8 $1 29. Kg2 Re5 30. Qb7 h6 31. b4
Ne6 32. h4 Rb8 33. Qf3 Nf8 $6 (33... Rd8 $1 34. Ng4 Rxd3 35. Qxd3 Re2 $1 {
weakens the white pressure (Kholmov).}) 34. Nf5 Qg6 35. Nd6 h5 36. Rd5 Nd7 37.
Nf7+ Qxf7 38. Rxd7 Qg6 39. R1d4 Rbe8 40. Rb7 Qb1 $6 ({Better is} 40... Qc2 $1 {
(Larsen)} 41. Rd5 Qc6) 41. Qd3 $1 Qxd3 42. Rxd3 Rc8 43. f4 Re2+ 44. Kf3 Rb2 45.
Rxb5 Rc4 $2 ({Right is} 45... Kg8 $1 46. Ke4 Kf7 $1 47. f5 Rc7 {
and the battle continues.}) 46. Rxh5+ Kg8 47. Kg4 $1 Rcxb4 48. Rd8+ Kf7 49.
Rhh8 Rb7 50. Rhf8+ Ke7 51. Kf5 R2b3 52. g4 Rg3 53. Rde8+ Kd6 54. g5 $1 fxg5 55.
hxg5 Rb5+ 56. Kg6 {Black loses on time.   Larsen and Hübner (10) led before
Tal, Smyslov (91/2), Petrosian and Portisch (9). They would be fighting for
the three places.} 1-0

[Event "Biel"]
[Site "9 Interzonal"]
[Date "1976.08.03"]
[Round "17"]
[White "Andersson, Ulf"]
[Black "Portisch, Lajos"]
[Result "0-1"]
[WhiteElo "2585"]
[BlackElo "2625"]
[Annotator "JvR"]
[PlyCount "78"]
[EventDate "1976.07.??"]
[EventType "swiss"]
[SourceDate "2013.10.27"]

1. c4 c5 2. Nc3 Nf6 3. Nf3 d5 4. cxd5 Nxd5 5. g3 Nc6 6. Bg2 Nc7 7. a3 g6 8. b4
$5 {This novelty gives Black an easy game.} Bg7 $5 (8... cxb4 9. axb4 Nxb4 $2
10. Qa4+ Nc6 11. Ne5 {favours White.}) 9. bxc5 Ne6 10. Bb2 Nxc5 11. Na4 $5 Bxb2
12. Nxb2 Be6 $1 13. O-O O-O 14. Rc1 Qa5 $1 15. Nc4 Bxc4 16. Rxc4 Qxa3 17. d4 {
White has compensation for the pawn.} Nd7 18. Qd2 Qd6 19. Qh6 $5 f6 20. e3 Nb6
21. Rcc1 $5 Rac8 22. Nd2 $5 e5 $1 23. Ne4 Qe7 24. Rcd1 Rfd8 25. Qh4 $2 (25. d5
$1 Nxd5 26. Rxd5 Rxd5 27. Nxf6+ Qxf6 28. Bxd5+ Kh8 29. f4 {
brings a fine counteraction.}) 25... Kg7 26. Nc5 exd4 27. exd4 (27. Bxc6 $5
Qxc5 $1 28. Bxb7 dxe3 29. Bxc8 exf2+ 30. Kg2 Rxd1 31. Rxd1 Nd5 $1 32. Rd4 Ne3+
33. Kxf2 Nc2 {leads to a great win for Black.}) 27... Rxd4 28. Rxd4 Nxd4 29.
Qxd4 Rxc5 30. h4 Qc7 31. Kh2 Rc4 $1 32. Qe3 Rxh4+ 33. Kg1 Rh5 34. Rd1 Re5 35.
Qa3 a5 36. Rb1 Nc4 37. Qc3 b5 38. Bf1 Rc5 39. Qa1 Nd2 {
Portisch neared the top again.} 0-1

[Event "Biel"]
[Site "9 Interzonal"]
[Date "1976.08.03"]
[Round "17"]
[White "Larsen, Bent"]
[Black "Matanovic, Aleksandar"]
[Result "1-0"]
[WhiteElo "2625"]
[BlackElo "2525"]
[Annotator "JvR"]
[PlyCount "77"]
[EventDate "1976.07.??"]
[EventType "swiss"]
[SourceDate "2013.10.27"]

1. e4 e5 2. Bc4 Nf6 3. Nc3 Nc6 4. d3 Bc5 5. Bg5 {
Larsen plays an ancient opening.} h6 6. Bh4 d6 7. Na4 Bb6 8. Nxb6 axb6 9. f3 $5
(9. a3 {occurred in Riemann - Englisch, Hamburg 1885.}) 9... Be6 10. Ne2 g5 $5
11. Bf2 d5 $1 12. exd5 Nxd5 13. Qd2 Qe7 14. O-O Nf4 $5 15. Bb5 Ra5 $6 {
Black wastes time.} 16. a4 $1 Nxe2+ $2 {He exchanges an active piece.} 17. Qxe2
O-O 18. c3 Qd6 19. Rfe1 Raa8 $5 20. Bg3 f6 21. d4 $1 Bf7 22. Rad1 Qe7 23. Qc2
Be8 24. dxe5 Nxe5 25. Bxe5 fxe5 26. Rd5 Bxb5 27. axb5 Rae8 $5 28. Re4 $5 {
An exchange on e5 strongly favours White, but Larsen decides to wait for
another opportunity.} Rf6 29. h4 gxh4 30. Rxh4 c6 31. bxc6 bxc6 32. Rd2 Re6 33.
Re4 b5 34. Qd1 Rg6 35. Rd7 Qc5+ 36. Kf1 Rf8 $2 ({Right is} 36... Qf8 $1 37. Qd3
Qf6) 37. Qd3 $1 Rff6 38. b4 $1 Qb6 {The black queen stands offside.} 39. Rxe5 {
Larsen came back after two defeats.} 1-0

[Event "Biel"]
[Site "9 Interzonal"]
[Date "1976.08.04"]
[Round "18"]
[White "Huebner, Robert"]
[Black "Petrosian, Tigran V"]
[Result "0-1"]
[WhiteElo "2585"]
[BlackElo "2635"]
[Annotator "JvR"]
[PlyCount "82"]
[EventDate "1976.07.??"]
[EventType "swiss"]
[SourceDate "2013.10.27"]

{Changes at the top will occur during the last two rounds} 1. Nf3 g6 2. e4 Bg7
3. d4 d6 4. Bc4 e6 5. Bb3 Ne7 6. O-O O-O 7. c3 b6 {
Petrosian plays an anxious opening.} 8. Nbd2 $5 Nbc6 9. Re1 Na5 10. Bc2 c5 11.
Nf1 Nac6 12. Be3 Qc7 13. Rc1 e5 14. h3 {Hübner hesistates as well.} Nd8 $5 15.
N3h2 $5 {Both players withdraw.} Bb7 16. Ng3 exd4 17. cxd4 Ne6 18. Bb3 d5 19.
e5 Nc6 20. Ng4 Rfd8 $2 (20... c4 $1 {keeps the game closed.}) 21. dxc5 $1 bxc5
22. Bxc5 Nxc5 23. Rxc5 {White has won a pawn.} Qe7 24. Qc1 Rac8 25. Nf6+ Kh8 ({
Or} 25... Bxf6 26. exf6 Qxf6 27. Bxd5 {(Krnic).}) 26. Nxd5 Qf8 $1 27. Qe3 Nxe5
28. Rxc8 Rxc8 29. Qxa7 {Hübner captures another pawn.} Bxd5 30. Bxd5 Qb4 31.
Re2 f5 32. Qb7 Rc1+ 33. Kh2 Qf8 $5 {Petrosian strives for confusion.} 34. f4 $1
Nd3 35. Qb5 Bd4 36. Nh1 $1 {The white king needs square g3.} Qd6 $6 37. g3 $2 {
Hübner has five minutes on the clock, but he misses simple tactics.} (37. Qe8+
$1 Kg7 38. Re7+ Kh6 39. Qf8+ Kh5 40. Rxh7# {ends the game quickly.}) 37... Nxf4
$2 (37... Kg7 $1 38. Qb7+ Kh6 39. Bg8 Bg7 {defends properly.}) 38. Qe8+ $5 Kg7
39. Re7+ $4 ({Correct is} 39. gxf4 Qxf4+ 40. Ng3 Rg1 41. Qe7+ Kh6 42. Qa3)
39... Kh6 40. Nf2 $5 Bxf2 41. Rxh7+ $1 Kg5 $1 {The black king escapes from the
checks.   Petrosian caught up with Hübner in the standings.} (41... Kg5 42.
Qe7+ $5 Qxe7 43. gxf4+ Kf6 44. Rxe7 Kxe7 {wins a rook.}) 0-1

[Event "Biel"]
[Site "9 Interzonal"]
[Date "1976.08.04"]
[Round "18"]
[White "Smejkal, Jan"]
[Black "Larsen, Bent"]
[Result "0-1"]
[WhiteElo "2615"]
[BlackElo "2625"]
[Annotator "JvR"]
[PlyCount "118"]
[EventDate "1976.07.??"]
[EventType "swiss"]
[SourceDate "2013.10.27"]

1. c4 c5 2. Nf3 Nc6 3. Nc3 Nf6 4. g3 b6 5. Bg2 Bb7 6. O-O e6 7. e4 Qb8 $5 {
Larsen makes a mysterious move.} 8. d4 cxd4 9. Nxd4 Nxd4 10. Qxd4 Bd6 $1 11.
Bg5 Be5 12. Qd2 h6 {The black chessmen cooperate well.} 13. Be3 O-O 14. Bd4
Bxd4 15. Qxd4 e5 16. Qd3 a6 17. Rfd1 Rc8 18. b3 Qc7 19. Rac1 Rab8 20. Qe3 Qc5
21. Qxc5 bxc5 22. Na4 Rc7 23. Rd6 Re8 24. Rb6 $5 ({Larsen suggests} 24. f3 $1 {
and White keeps the superior pawn position.}) 24... Bxe4 $1 ({Not} 24... Re6 $4
25. Rxb7 $1 {(Larsen).}) 25. Bxe4 Nxe4 26. Rxa6 Ng5 $1 27. Rd1 Nf3+ 28. Kg2 Nd4
29. Re1 f6 30. f4 e4 31. Nc3 f5 32. g4 $5 Rc6 $1 33. Rxc6 dxc6 {
The doubled pawns act as defenders.} 34. gxf5 e3 $1 35. Na4 Kf7 {
Black has to give pawns temporarily.} 36. Nxc5 Kf6 37. a4 Kxf5 38. a5 Kxf4 39.
a6 g5 40. a7 $2 (40. Nd3+ Ke4 41. Nc5+ Kf4 42. Nd3+ {draws by perpetual check.}
) 40... e2 $1 41. Kf2 $2 {White misses a hidden chance.} (41. Ne6+ $1 Nxe6 42.
Rxe2 Kf5 43. Ra2 Nc7 44. b4 Na8 45. Ra6 Re6 {
leads to a difficult win for Black (Larsen).}) 41... Ra8 $1 42. b4 ({Or} 42.
Nd3+ Ke4 43. Nc5+ Kf5 $1) 42... Rxa7 43. b5 cxb5 44. cxb5 Rc7 45. Rc1 Rf7 $1
46. b6 Kg4+ 47. Kg2 Nc2 $1 {Black threatens mate in three.} 48. h3+ Kh4 49. Nd3
Ne3+ 50. Kh2 h5 $1 {The final attack begins.} 51. b7 $5 {
White has no proper defence.} Rxb7 52. Ne1 g4 53. hxg4 hxg4 54. Rc3 Re7 55. Ra3
g3+ 56. Kg1 Kh3 57. Ra8 Ng2 $1 58. Rh8+ Nh4 59. Rf8 Re5 {The standings after
the penultimate round became: Larsen, 12, Tal 111/2, Byrne, Hübner, Petrosian,
Portisch and Smyslov 11. So the tension remained high.} 0-1